Ultimate dead characters in the Wheel of Time series - Statistics

General Stats
  • This quiz has been taken 145 times
    127 since last reset
  • The average score is 71 of 298
Answer Stats
Answer % Correct
Demandred
100%
Egwene al’Vere
100%
Siuan Sanche
100%
Gareth Bryne
94%
Davram Bashere
89%
Lanfear
89%
Padan Fain
89%
Semirhage
89%
Balthamel
83%
Gawyn Trakand
83%
Aginor
78%
Be'lal
78%
Rahvin
78%
Verin Mathwin
78%
Alanna Mosvani
72%
Asmodean
72%
Graendal
72%
Ishamael
72%
Moridin
72%
Rhuarc
72%
Slayer/Isam/Luc
72%
Sammael
67%
Sheriam Bayanar
67%
Couladin
61%
Deira Bashere
61%
Geofram Bornhald
61%
Hurin
61%
Jaret Byar
61%
Mazrim Taim
61%
Osan’gar
61%
Pedron Niall
61%
Aram
56%
Aran'gar
56%
Masema Dagar
56%
Noal Charin
56%
Eben Hopwil
50%
Fedwin Morr
50%
Gitara Moroso
50%
Ingtar Shinowa
50%
Joiya Byir
50%
Laman Damodred
50%
Taringail Damodred
50%
Adora Aybara
44%
Aldecain Damodred
44%
Asne Zeramene
44%
Barthanes Damodred
44%
Chesmal Emry
44%
Colavaere Saighan
44%
Con Aybara
44%
Deselle Aybara
44%
Eamon Valda
44%
Elza Penfell
44%
Eward Aybara
44%
Galldrian Riatin
44%
Joslyn Aybara
44%
Kari al'Thor
44%
Katerine Alruddin
44%
Kateri Nepvue
44%
Liah
44%
Magde Aybara
44%
Moressin Damodred
44%
Moria Elward
44%
Moria Karentanis
44%
Paetram Aybara
44%
Romanda Cassin
44%
Tigraine Mantear
44%
Vandene Namelle
44%
Adeleas Namelle
39%
Beldeine Nyram
39%
Careane Fransi
39%
Daved Hanlon
39%
Delana Mosalaine
39%
Jeaine Caide
39%
Kiruna Nachiman
39%
Nalesean Aldiaya
39%
Rhadam Asunawa
39%
Shaidar Haran
39%
Tamra Ospenya
39%
Tenobia si Kazadi
39%
Turak Aladon
39%
Tylin Quintara
39%
Amico Nagoyin
33%
Anaiya Carel
33%
Aravine Carnel
33%
Danelle
33%
Hadnan Kadere
33%
Howal Gode
33%
Iselle Arrel
33%
Jarna Malari
33%
Larelle Tarsi
33%
Nicola Treehill
33%
Someshta
33%
Aisha Raveneos
28%
Alsalam
28%
Bertain Gallenne
28%
Bukama Marenellin
28%
Carlin
28%
Carlinya Sorevin
28%
Daigian Moseneillin
28%
Dena
28%
Doesine Alwain
28%
Duhara Basaheen
28%
Eldrith Jhondar
28%
Enaila
28%
Jaichim Carridin
28%
Jolien
28%
Jori Congar
28%
Kerene Nagashi
28%
Kumira Dhoran
28%
Lamelle
28%
Meilan Mendiana
28%
Merean Redhill
28%
Notori
28%
Paitr Conel
28%
Raefar Kisman
28%
Reanne Corly
28%
Ren Chandin
28%
Ryne Venamar
28%
Sahra Covenry
28%
Shiaine Avarhin
28%
Sierin Vayu
28%
Tomas
28%
Toram Riatin
28%
Trom
28%
Barriga
22%
Changu
22%
Falion Bhoda
22%
Herid Fel
22%
Ispan Shefar
22%
Karldin Manfor
22%
Ludice Daneen
22%
Meilyn Arganya
22%
Meri
22%
Nesta din Reas
22%
Renna Emain
22%
Sareitha Tomares
22%
Seana
22%
Sedore Dajenna
22%
Tal Nethin
22%
Abdel Omerna
17%
Alric
17%
Berisha Terakuni
17%
Brys
17%
Bulen
17%
Charl Gedwyn
17%
Evanellein Lorn
17%
Faeldrin Harella
17%
Isendre
17%
Jaem
17%
Kairen Stang
17%
Laigin Arnault
17%
Manel Rochaid
17%
Mangin
17%
Marya Somares
17%
Melindhra
17%
Nidao
17%
Owyn Merrilin
17%
Peral Torval
17%
Rolan
17%
Temaile Kinderode
17%
Vitalien
17%
Ailron
11%
Alwhin
11%
Ananda
11%
Andric
11%
Aracome
11%
Arlen Nalaam
11%
Baroc
11%
Cabriana Mecandes
11%
Cein Merrilin
11%
Coteren
11%
Dailin
11%
Deepe Bhadar
11%
Diryk
11%
Hammar
11%
Janduin
11%
Jerid Najima
11%
Jonan Adley
11%
Josef Najima
11%
Kennar Miraj
11%
Kwamesa Taramasu
11%
Marith Jaen
11%
Mestra
11%
Miri
11%
Mirlene Cornwell
11%
Muradin
11%
Owein
11%
Pevin
11%
Ronan
11%
Shevan Gadarin
11%
Suladric
11%
Torkumen (Lady)
11%
Vram Torkumen
11%
Amira Moselle
6%
Annah
6%
Bili al'Dai
6%
Caniedrin
6%
Celark
6%
Cetalia Delarme
6%
Cieryl Arjuna
6%
Comar
6%
Coulin
6%
Desaine
6%
Desora
6%
Doral Barran
6%
Einar
6%
Ellid Abareim
6%
Ellizelle
6%
Emarin Pendaloan
6%
Estalaine
6%
Evin Vinchova
6%
Gregana
6%
Gueyam
6%
Huan
6%
Jaq Lounalt
6%
Johanin
6%
Josaine
6%
Lathin
6%
Leya
6%
Maraconn
6%
Maringil
6%
Mirane Larinen
6%
Nasin Caeren
6%
Ned Yarman
6%
Neferi
6%
Rhadanan
6%
Selame
6%
Setagana
6%
Talva
6%
Teven Marwin
6%
Timna
6%
Torwyn Barshaw
6%
Valera Gorovni
6%
Venr Kosaan
6%
Verine
6%
Yamwick
6%
Adden
0%
Andris
0%
Anjen
0%
Aurana
0%
Bakayar Mishima
0%
Baran
0%
Benji Dalfor
0%
Callie
0%
Carleon
0%
Carn
0%
Chianmai
0%
Chimal
0%
Chin Akima
0%
Chion
0%
Chuonde
0%
Coke
0%
Colly Garren
0%
Dael al'Taron
0%
Dulain
0%
Eagan Padros
0%
Ealsin
0%
Eliya
0%
Gille
0%
Gomanes
0%
Gorin Rogad
0%
Jadranka
0%
Janira
0%
Jared Aydaer
0%
Jhoradin
0%
Joelin
0%
Jowdry
0%
Kenley Ahan
0%
Kinhuin
0%
Lawdrin Mendair
0%
Lawtin
0%
Macu
0%
Madic
0%
Manderic
0%
Marthea
0%
Masic
0%
Mayv
0%
Mazone
0%
Meashan Dubaris
0%
Mehtan
0%
Melanril Asegora
0%
Melore
0%
Mintel
0%
Neain
0%
Nevin
0%
Parelean
0%
Ravashi
0%
Sarien
0%
Sedrin
0%
Spar
0%
Tad Kandel
0%
Tanera
0%
Tauan
0%
Tavan
0%
Tham Felmley
0%
Vane
0%
Willim Avarhin
0%
Zaired Elbar
0%
No matching quizzes found
Score Distribution
Percent of People with Each Score
Percentile by Number Answered
Your Score History
You have not taken this quiz since the last reset